Evaluación de las propiedades físico-mecánicas de una mezcla de simulante de regolito lunar y un conglomerante mediante pruebas experimentales, para su eventual uso en construcciones sobre la superficie lunar

Guardat en:
Dades bibliogràfiques
Autor principal: Soto Garro, Morelia de los Ángeles, 1995-
Altres autors: Meseguer Quesada, Luis Carlos, 1965- Director del TFG
Format: Llibre
Idioma:Spanish
Publicat: San José, Costa Rica 2022
Matèries:
Etiquetes: Afegir etiqueta
Sense etiquetes, Sigues el primer a etiquetar aquest registre!

MARC

LEADER 00000nam a2200000Ia 4500
003 013688
005 20240110130758.0
008 140116s2022 cr a 000 ||spa d
040 |c cru CEDI 
100 |a Soto Garro, Morelia de los Ángeles, 1995-  |9 963 
245 |a Evaluación de las propiedades físico-mecánicas de una mezcla de simulante de regolito lunar y un conglomerante mediante pruebas experimentales, para su eventual uso en construcciones sobre la superficie lunar  
260 |a San José, Costa Rica  |c 2022 
500 |a Trabajo Final de graduación (licenciatura en ingeniería civil)--Universidad de Costa Rica. Facultad de Ingeniería. Escuela de Ingeniería Civil 
501 |a Director de Trabajo Final de Graduación: Ing. Luis Carlos Meseguer, MBA 
650 |x SIMULANTES DE REGOLITO LUNAR   |x MATERIALES DE CONSTRUCCION - FABRICACION  |x CONSTRUCCION ESPACIAL  |x MATERIALES DE CONSTRUCCION   |x COLONIAS ESPACIALES   |x MATERIALES DE CONSTRUCCION - PRUEBAS  
700 |9 964  |a Meseguer Quesada, Luis Carlos, 1965-  |d Director del TFG  
942 |c TFG  |h TFG 8839  |i 013688  |6 TFG_8839_013688000000000 
999 |c 13289  |d 13289